• 首页
  • 本馆介绍
  • 公告通知
  • 最新文献
  • 馆藏检索
  • 电子资源
  • 读者导购
  • 参考咨询
  • 我的图书馆
  • 登录
  • 详细信息显示
  • 放入我的书架
  • 预约/预借图书
  • 作者相关作品
  • 分类相关作品
  • 丛书相关作品
  • 出版社相关作品

书目信息

  • 表格格式
  • 工作单格式
  • 卡片格式
题名:
科学年鉴
    
 
作者: 诺尔特 主编
分册: 1978  
出版信息: 北京   科学出版社  1979.5
页数: 259页
开本: 26cm
丛书名:
单 册:
中图分类: N54
科图分类:
主题词: 自然科学--年鉴 , 自然科学--年刊
电子资源:
ISBN:
000 00551nam0 2200193 45
001 0312221749
005 20051114084658.45
010    @dCNY1.70
100    @a20031222d1979 km y0chiy0120 ea
101    @achi
200 1  @a科学年鉴@Ake xue nian jian@h1978@f(美)威廉H.诺尔特主编@F(mei)wei lian H.nuo er te zhu bian
210    @a北京@c科学出版社@d1979.5
215    @a259页@d26cm
606 0  @a自然科学@x年鉴
606 0  @a自然科学@x年刊
690    @aN54@v3
701 0  @a诺尔特@Anuo er te@4主编
801    @aCN@bTSTCL@c20051114
905    @a213230@dN54@e120:1978
    
    科学年鉴.1978/(美)威廉H.诺尔特主编.-北京:科学出版社,1979.5
    259页;26cm
    
    
    ISBN :CNY1.70
    
●
相关链接 在E读中查询图书 在五车中查询图书 在当当中查询图书 在豆瓣中查询图书


正题名:科学年鉴     索取号:N54/120:1978         预约/预借

序号 登录号 条形码 馆藏地/架位号 状态 备注
1 0014732   202143554   密集书库/ [索取号:N54/120:1978] 在馆    
2 0204618   202088622   第二样本阅览室/ [索取号:N54/120:1978] 在馆    
唐山师范学院图书馆 欢迎您!
大连网信软件有限公司© 版权所有